| 000 | 00757pam a2200193 a 4500 | ||
|---|---|---|---|
| 020 | _a0198551622 : | ||
| 020 | _a0198552122 (pbk.) : | ||
| 082 | 0 | 0 |
_a541 _bPAL _cL-7, P-23. |
| 100 | 1 |
_aMatthews, G. Peter. _940088 |
|
| 245 | 1 | 0 |
_aExperimental physical chemistry / _cG. Peter Matthews. |
| 260 |
_aOxford [Oxfordshire] : _bClarendon Press ; _aNew York : _bOxford University Press, _c1985. |
||
| 300 |
_axxvii, 495 p. : _bill. ; _c24 cm. |
||
| 526 |
_a0 _b0 _c0 _d541_000000000000000_PAL |
||
| 650 | 0 |
_aChemistry, Physical and theoretical _xLaboratory manuals. _940089 |
|
| 650 | 0 |
_aMCE _9379 |
|
| 856 | 4 | 1 | _uhttp://www.loc.gov/catdir/enhancements/fy0638/85010471-t.html |
| 856 | 4 | 2 | _uhttp://www.loc.gov/catdir/enhancements/fy0638/85010471-d.html |
| 942 |
_2ddc _cBK |
||
| 999 |
_c544455 _d544455 |
||